| 000 | 00368 a2200109 4500 | ||
|---|---|---|---|
| 001 | ART_46502 | ||
| 005 | 20260410161822.0 | ||
| 008 | 260409a | ||
| 245 | 1 | 0 | _aComliance y derecho de la competencia en las contrataciones públicas |
| 100 | 1 | _aVanella, Carolina A. | |
| 773 | 0 |
_tDoctrina Penal Tributaria y Económica _g- N° 48 (jun. 2018) _wREV4317 |
|
| 999 |
_c22416 _d22416 |
||